Countries named after rivers - Statistics

General Stats
  • This quiz has been taken 33 times
  • The average score is 9 of 16
Answer Stats
Hint Answer % Correct
Africa Dem. Rep. of the Congo
91%
Africa Rep. of the Congo
91%
Africa Niger
82%
South America Paraguay
82%
South America Uruguay
82%
South America Argentina
67%
Africa Zambia
61%
Africa Nigeria
58%
Africa Senegal
45%
Asia India
42%
Asia Jordan
42%
North America Belize
39%
Africa Gambia
36%
Europe Bosnia and Herzegovina
15%
Africa Cameroon
12%
Europe Moldova
12%
No matching quizzes found
Score Distribution
Percent of People with Each Score
Percentile by Number Answered
Your Score History
You have not taken this quiz